Statistics for Every Boyz II Men song that hit the Billboard hot 100

Click here to take the quiz!

General Stats

  • This quiz has been taken 14 times
  • The average score is 7 of 18

Answer Stats

Peak Chart PositionYearSong% Correct
11994On Bended Knee
100%
11994I'll Make Love To You
92%
11992End Of The Road (From "Boomerang")
92%
11995One Sweet Day
75%
31991Motownphilly
50%
119974 Seasons Of Loneliness
50%
71998A Song For Mama
42%
21995Water Runs Dry
42%
211995Thank You
33%
802001Thank You In Advance
33%
31991It's So Hard To Say Goodbye To Yesterday
25%
31993In The Still Of The Nite (From "The Jacksons")
17%
161992Uhh Ahh
17%
321994Let It Snow
8%
461996I Remember
8%
491992Please Don't Go
8%
561995Vibin'
8%
321989I Will Get There1
0%

Score Distribution

Percentile by Number Answered

Percent of People with Each Score

Your Score History

You have not taken this quiz